Mannschaften der Regionalliga Nord 2024/25 - Statistiken

Allgemein
  • Dieses Quiz wurde 58 mal gespielt
  • Das Durchschnittsergebnis liegt bei 13 aus 18
Antwortstatistiken
Mannschaften % Korrekt
Hamburger SV II⁠
96%
1. FC Phönix Lübeck
84%
FC St. Pauli II⁠
82%
VfB Lübeck
82%
SV Meppen
80%
VfB Oldenburg
80%
SC Weiche Flensburg 08
78%
BSV Kickers Emden
76%
SV Werder Bremen II
76%
Bremer SV
69%
Holstein Kiel II⁠
67%
TSV Havelse
67%
FC Teutonia 05 Ottensen
59%
SV Drochtersen/Assel
59%
SSV Jeddeloh II
57%
FC Eintracht Norderstedt
53%
Blau-Weiß Lohne
51%
SV Todesfelde
51%
Keine übereinstimmenden Quizze gefunden
Verteilung der Resultate
Anzahl Personen mit jedem Resultat
Perzentil nach korrekt beantworteten Fragen
Ihre Resultats-Entwicklung
Sie haben dieses Quiz noch nicht gespielt